Billie Eilish - ilomilo lyrics - Statistics

General Stats
  • This quiz has been taken 506 times
    492 since last reset
  • The average score is 155 of 189
Answer Stats
Answer % Correct
you
100%
I
99%
a
98%
But
96%
but
96%
go?
96%
the
96%
The
96%
to
95%
did
94%
lie
94%
don't
93%
it's
93%
not
93%
Where
93%
where
93%
And
92%
cold
92%
me
92%
be
91%
maybe
91%
wanna
91%
worry
91%
know
90%
So
90%
home
89%
should
89%
Told
89%
lonely
87%
that's
85%
They
85%
hurry?
84%
Hurry
84%
love
83%
your
83%
If
79%
if
79%
inside?
79%
my
79%
up
79%
way
79%
what's
79%
get
78%
show
78%
I'm
77%
keep
77%
stay
77%
friends
76%
gonna
76%
had
76%
Honey
76%
Won't
76%
like
75%
night
75%
too
75%
close
74%
eyes
74%
never
74%
at
72%
blurry
72%
little
72%
stars
72%
bury
71%
ours
71%
I've
70%
world's
70%
come
69%
give
69%
just
68%
worried
68%
tell
66%
can't
65%
'Cause
63%
couldn't
62%
Even
62%
Or
62%
Remember
62%
another
61%
lose
61%
Said
61%
They're
61%
break
60%
life
60%
might
60%
someone
60%
by
59%
mistake
59%
die
57%
you're
57%
care
56%
Let
53%
protect
49%
you'll
49%
wanted
47%
upset
46%
I'll
44%
now
44%
day
43%
met
43%
rescue
43%
tried
42%
you'd
39%
Was
30%
hoping
26%
No matching quizzes found
Score Distribution
Percent of People with Each Score
Percentile by Number Answered
Your Score History
You have not taken this quiz since the last reset